[Event "Medellin de La Raza U2000 op"]
[Site "Medellin"]
[Date "2023.10.16"]
[Round "8"]
[White "Garcia Lopez, Juan Gilberto"]
[Black "Bermudez Rojas, Alejandro"]
[Result "0-1"]
[WhiteElo "1533"]
[BlackElo "1243"]
[PlyCount "72"]
[EventDate "2023.10.12"]
[EventType "swiss"]
[EventRounds "9"]
[EventCountry "COL"]
[SourceTitle "Mega2024 Update 01"]
[Source "Chessbase"]
[SourceDate "2023.11.12"]
[SourceVersion "1"]
[SourceVersionDate "2023.11.12"]
[SourceQuality "1"]

1. Nf3 Nf6 2. c4 g6 3. d4 Bg7 4. g3 d6 5. Nc3 0-0 6. Bg2 c6 7. e4 e5 8. 0-0 Nbd7 9. h3 Qe7 10. Re1 a5 11. b3 Ne8 12. dxe5 dxe5 13. Bg5 f6 14. Be3 Nc7 15. Qc2 Ne6 16. Na4 Nec5 17. Nxc5 Nxc5 18. a3 f5 19. b4 Nxe4 20. Nh2 Nd6 21. Rad1 axb4 22. axb4 Be6 23. Bc5 Rfd8 24. Qd2 Bf8 25. Rxe5 Qf6 26. Qe1 Bxc4 27. Re3 Nb5 28. Rc1 Bxc5 29. bxc5 Bf7 30. Re7 Re8 31. Rxe8+ Rxe8 32. Qd2 Nd4 33. Rd1 Rd8 34. Kh1 Ne6 35. Qc2 Rxd1+ 36. Qxd1 Nxc5 0-1

[Event "Medellin de La Raza U2000 op"]
[Site "Medellin"]
[Date "2023.10.16"]
[Round "9"]
[White "Pedraza Aldana, Alexandra"]
[Black "Garcia Lopez, Juan Gilberto"]
[Result "1-0"]
[WhiteElo "1236"]
[BlackElo "1533"]
[PlyCount "77"]
[EventDate "2023.10.12"]
[EventType "swiss"]
[EventRounds "9"]
[EventCountry "COL"]
[SourceTitle "Mega2024 Update 01"]
[Source "Chessbase"]
[SourceDate "2023.11.12"]
[SourceVersion "1"]
[SourceVersionDate "2023.11.12"]
[SourceQuality "1"]

1. e4 c5 2. c3 d5 3. exd5 Qxd5 4. d4 e6 5. Be3 Nd7 6. Nf3 a6 7. Bd3 Ngf6 8. Qe2 Be7 9. h3 b6 10. Nbd2 Bb7 11. a4 0-0 12. g4 Qd6 13. Rg1 Qc7 14. h4 Nd5 15. g5 Nf4 16. Bxf4 Qxf4 17. h5 cxd4 18. g6 fxg6 19. Qxe6+ Qf7 20. Qxd7 Bxf3 21. Bc4 dxc3 22. Bxf7+ Rxf7 23. Nxf3 cxb2 24. Ke2 bxa1Q 25. Rxa1 Bf6 26. Qc6 Raf8 27. Rd1 gxh5 28. Qxb6 g5 29. Qe6 g4 30. Nd2 Kg7 31. Ne4 Re7 32. Rd7 Rxd7 33. Qxd7+ Rf7 34. Qf5 g3 35. fxg3 h4 36. gxh4 Be7 37. Qe6 Kf8 38. Qxa6 Bxh4 39. Qh6+ 1-0

[Event "Medellin de La Raza U2000 op"]
[Site "Medellin"]
[Date "2023.10.12"]
[Round "1"]
[White "Garrido Salgado, Juan Miguel"]
[Black "Garcia Lopez, Juan Gilberto"]
[Result "0-1"]
[WhiteElo "1405"]
[BlackElo "1533"]
[PlyCount "148"]
[EventDate "2023.10.12"]
[EventType "swiss"]
[EventRounds "9"]
[EventCountry "COL"]
[SourceTitle "Mega2024 Update 01"]
[Source "Chessbase"]
[SourceDate "2023.11.12"]
[SourceVersion "1"]
[SourceVersionDate "2023.11.12"]
[SourceQuality "1"]

1. d4 d5 2. Nf3 c5 3. b3 Nf6 4. e3 e6 5. Bb2 Nc6 6. Bd3 cxd4 7. exd4 Be7 8. Nbd2 Bd7 9. 0-0 Rc8 10. a3 a6 11. c4 dxc4 12. bxc4 0-0 13. Ne5 Be8 14. f4 Nxd4 15. Ndf3 Nxf3+ 16. Rxf3 Bc6 17. Rh3 Qb6+ 18. Bd4 Bc5 19. Bxc5 Qxc5+ 20. Kh1 Rfd8 21. Qc2 h6 22. Nxc6 Rxc6 23. Rg3 b5 24. Rd1 Rdc8 25. Rc1 bxc4 26. Be4 Nxe4 27. Qxe4 Qf5 28. Qd4 f6 29. Qd7 R6c7 30. Qd4 Kf7 31. h3 Qd5 32. Qb6 Rc6 33. Qa7+ R8c7 34. Qb8 Qd6 35. Qh8 Qf8 36. Qh7 Ke8 37. Qg6+ Qf7 38. Qh7 Kf8 39. Rd1 Rc8 40. Rd7 Qxd7 41. Qh8+ Ke7 42. Rxg7+ Kd6 43. Rxd7+ Kxd7 44. Qg7+ Kd6 45. Qxf6 c3 46. Qe5+ Kd7 47. Qg7+ Kd8 48. Qd4+ Kc7 49. Qa7+ Kd8 50. Qd4+ Ke8 51. Qh8+ Kf7 52. Qh7+ Ke8 53. Qh8+ Kd7 54. Qg7+ Ke8 55. Qh8+ Kf7 56. Qh7+ Kf6 57. Qxh6+ Kf5 58. Qh5+ Kxf4 59. Qf3+ Ke5 60. Qe3+ Kf6 61. Qf4+ Kg6 62. Qg4+ Kf7 63. Qf4+ Ke8 64. Qf6 R8c7 65. Qh8+ Kd7 66. Qh7+ Kc8 67. Qc2 Rb6 68. h4 Rb2 69. Qd3 c2 70. Qxa6+ Kb8 71. Qxe6 c1Q+ 72. Kh2 Qf4+ 73. Kh3 Rc3+ 74. g3 Qxg3# 0-1

[Event "Ibague Blitz op"]
[Site "Ibague"]
[Date "2022.10.08"]
[Round "6"]
[White "Paez, Adolfo"]
[Black "Garcia Lopez, Juan Gilberto"]
[Result "1-0"]
[WhiteElo "1611"]
[BlackElo "1442"]
[PlyCount "37"]
[EventDate "2022.10.08"]
[EventType "swiss (blitz)"]
[EventRounds "9"]
[EventCountry "COL"]
[SourceTitle "CBM 210 Extra"]
[Source "ChessBase"]
[SourceDate "2022.11.30"]
[SourceVersion "1"]
[SourceVersionDate "2022.11.30"]
[SourceQuality "1"]

1. e4 e5 2. Nf3 Nf6 3. d4 Nxe4 4. dxe5 Nc6 5. Bd3 Nc5 6. Bc4 Qe7 7. 0-0 Nxe5 8. Nxe5 Qd6 9. Bxf7+ Kd8 10. Bg5+ Be7 11. Bxe7+ Qxe7 12. Re1 Qf6 13. Bc4 d6 14. Nf7+ Kd7 15. Nxh8 Qxb2 16. Nd2 g6 17. Be6+ Kc6 18. Qf3+ Kb6 19. Rab1 1-0